| 000 | 00387nam a2200157Ia 4500 | ||
|---|---|---|---|
| 008 | 230524s9999 xx 000 0 und d | ||
| 082 |
_a650.014 _bPAN |
||
| 100 | _aTapan Kumar panda | ||
| 245 | 0 | _aBuilding Brands In The Indian Market | |
| 250 | _aIST | ||
| 260 |
_aNEW DELHI _bExcel _c2009 |
||
| 300 | _aX;431 | ||
| 500 | _aQuantity Number: 2 | ||
| 650 | _aManagement | ||
| 942 | _cBK | ||
| 999 |
_c46858 _d46858 |
||